Normal view
MARC view
- Pédologie
Entry Topical Term
001 - CONTROL NUMBER
- control field: 7091
003 - CONTROL NUMBER IDENTIFIER
- control field: NUST
005 - DATE AND TIME OF LATEST TRANSACTION
- control field: 20171208144539.0
008 - FIXED-LENGTH DATA ELEMENTS
- fixed length control field: 171208|| aca||aabn | a|a d
040 ## - CATALOGING SOURCE
- Original cataloging agency: NUST
- Transcribing agency: NUST
150 ## - HEADING--TOPICAL TERM
- Topical term or geographic name entry element: Pédologie
- Form subdivision: Encyclopédies.
670 ## - SOURCE DATA FOUND
- Source citation: Work cat.: (NUST)0: Encyclopedia of soils in the environment /, 2005 [i.e. 2004].
